01245nam a2200193Ia 4500952010000000999001700100008004100117020001500158050001900173100003900192245005600231260003800287300003700325500010600362505049000468519004300958650003801001942001201039 00102lcc4070a01b01d2023-03-02l0oQH308 L6 1995p16 004165r2023-07-13t1w2023-03-02yLB c69033d69033120626s1995 mx a 000 0 spa d a9701007298 aQH308bL6 1995 aLomelí Radillo, Guadalupeeautor aBiología 1c/ María Guadalupe, Lomelí Radillo aMéxico b: McGraw- Hillc, 1995 a304 páginasb: ilustraciones  aIncluye: Contenido, Prefacio, Introducción, Anexo 1 al 8, Glosario, Referencias bibliográficas  a1. Primera Pare: El fenómeno Vital I. Interpretación acerca de la vida II. La experimentación en el conocimiento III. Los seres vivos y la herencia IV. El devenir en la historia de los seres vivos V. En la tierra y más allá 2. Segunda Parte: Las cualidades de los sistemas vivos I. La vida a escala microscópica II. La autoconservación de los sistemas vivos III. La autorreproducción de los sistemas vivos IV. La autorregulación de los seres vivos  aMaterial Complementario / d16 004165 0aBIOLOGÍAxESTUDIO Y ENSEÑANZA cLB2lcc